Second Billed Sitcoms Quiz Stats

 Plays Quiz Updated Nov 6, 2015

Challenge
Share
Tweet
Score 0/18 Timer 06:00
0 Plays Today
% Correct
Friends
98.7%
The Office
98.4%
The Brady Bunch
96.1%
The Fresh Prince of Bel Air
94.9%
The Golden Girls
93.4%
M*A*S*H
93.4%
The Simpsons
79.3%
The Munsters
76.5%
Bewitched
74.6%
% Correct
Taxi
69.9%
Boy Meets World
68.4%
The King of Queens
66.9%
Family Ties
59.6%
Mork and Mindy
52.8%
Sanford and Son
52.5%
Night Court
49.1%
Curb Your Enthusiasm
46%
Benson
31.7%

You're not logged in!

Compare scores with friends on all Sporcle quizzes.
Join for Free
OR
Log In

You Might Also Like...

Show Comments

Extras

Top Quizzes Today


Score Distribution

Your Account Isn't Verified!

In order to create a playlist on Sporcle, you need to verify the email address you used during registration. Go to your Sporcle Settings to finish the process.

Report this User

Report this user for behavior that violates our Community Guidelines.

Details: